|
|
|
|
| LEADER |
00000nam0a2200000 4500 |
| 001 |
293578 |
| 005 |
20231102000616.0 |
| 020 |
|
|
|a RU
|b 83-91382
|
| 035 |
|
|
|a (RuTPU)RU\TPU\book\318616
|
| 090 |
|
|
|a 293578
|
| 100 |
|
|
|a 20150505d1983 k y0rusy5003 ca
|
| 101 |
0 |
|
|a rus
|
| 102 |
|
|
|a UA
|
| 105 |
|
|
|a a z 001zy
|
| 200 |
1 |
|
|a Стелларатор
|f Е. Д. Волков, В. А. Супруненко, А. А. Шишкин
|g Академия наук Украинской ССР (АН УССР) ; Харьковский физико-технический институт (ХФТИ)
|
| 210 |
|
|
|a Киев
|c Наукова думка
|d 1983
|
| 215 |
|
|
|a 312 с.
|c ил.
|
| 320 |
|
|
|a Библиогр.: с. 272-311
|
| 606 |
|
|
|a Плазма
|x Удержание
|2 stltpush
|3 (RuTPU)RU\TPU\subj\48913
|9 67730
|
| 610 |
1 |
|
|a стеллараторы
|
| 610 |
1 |
|
|a понятия
|
| 610 |
1 |
|
|a развитие
|
| 610 |
1 |
|
|a Принстонский университет
|
| 610 |
1 |
|
|a стелараторная программа
|
| 610 |
1 |
|
|a стеллараторные ловушки
|
| 610 |
1 |
|
|a магнитная конфигурация
|
| 610 |
1 |
|
|a теория удержания
|
| 610 |
1 |
|
|a эксперименты
|
| 610 |
1 |
|
|a анализ
|
| 610 |
1 |
|
|a термоядерные реакторы
|
| 675 |
|
|
|a 621.39.62
|v 3
|
| 700 |
|
1 |
|a Волков
|b Е. Д.
|g Евгений Дмитриевич
|
| 701 |
|
1 |
|a Супруненко
|b В. А.
|g Виктор Афанасьевич
|
| 701 |
|
1 |
|a Шишкин
|b А. А.
|g Александр Александрович
|
| 712 |
0 |
2 |
|a Академия наук Украинской ССР (АН УССР)
|c (1936-1991)
|2 stltpush
|3 (RuTPU)RU\TPU\col\332
|
| 712 |
0 |
2 |
|a Харьковский физико-технический институт (ХФТИ)
|2 stltpush
|3 (RuTPU)RU\TPU\col\15627
|
| 801 |
|
0 |
|a RU
|b RuMRKP
|c 19950704
|g psbo
|
| 801 |
|
1 |
|a RU
|b 63413507
|c 20150505
|
| 801 |
|
2 |
|a RU
|b 63413507
|c 20180428
|g RCR
|
| 942 |
|
|
|c BK
|